000 00644nam a2200241 i 4500
001 C2-0302478
003 PPAK
005 20180728083456.0
008 100127s2006 nyu |||| ||||| | eng d
020 _a0385746989
040 _aPPAK
_beng
_cPPAK
_erda
082 0 4 _a823
_223
090 0 0 _a823
_bREI
_dLCK
100 1 _aReinhardt, dana.,
_eauthor
245 1 2 _aA brief chapter in my impossible life
264 1 _aNew York :
_bWendy lamb books ,
_c2006
300 _a228 pages ;
_c22 cm
336 _2rdacontent
_atext
337 _2rdamedia
_aunmediated
338 _2rdacarrier
_avolume
650 1 0 _aEnglish fiction
942 _ddc
_cB
999 _c106066
_d106066